Crowns of Asia - Statistics

General Stats
  • This quiz has been taken 23 times
  • The average score is 8 of 10
Answer Stats
Picture Hint Answer % Correct
Mian Guan China
100%
Kanmuri Japan
100%
Great Crown of Victory Thailand
94%
Gold Crown of Hwangnam Korea
83%
Kiani Crown Persia
83%
Crown of Bahadur Shah II India (Mughal Empire)
78%
Crown of Selangor Malaysia
78%
??? Bhutan
67%
??? Nepal
67%
??? Ottoman Empire
33%
No matching quizzes found
Score Distribution
Percent of People with Each Score
Percentile by Number Answered
Your Score History
You have not taken this quiz